Sports Quiz

Random Sports or Letter Quiz
Score 0/15 Timer 10:00
3 Plays Today
% Correct
Green Bay Packers
90.3%
Dallas Cowboys
73.1%
Buffalo Bills
69.3%
San Francisco 49ers
68.2%
Tennessee Titans
64.4%
New York Giants
64.4%
Baltimore Ravens
62.4%
Seattle Seahawks
61.3%
% Correct
Los Angeles Chargers
58.4%
New England Patriots
55.2%
Kansas City Chiefs
49.9%
Philadelphia Eagles
41.6%
Detroit Lions
39.2%
Miami Dolphins
38.5%
Cincinnati Bengals
33.8%
Remove Ads.
Support Sporcle.
Get the best of Sporcle when you Go Orange. This ad-free experience offers more features, more stats, and more fun while also helping to support Sporcle. Thank you for becoming a member.

You're not logged in!

Compare scores with friends on all Sporcle quizzes.
OR
Log In

Show Comments

Extras

Top Quizzes Today


Score Distribution

Your Account Isn't Verified!

In order to create a playlist on Sporcle, you need to verify the email address you used during registration. Go to your Sporcle Settings to finish the process.

Report this User

Report this user for behavior that violates our Community Guidelines.

Details: